| 000 | 00389cam a2200169 4500 | ||
|---|---|---|---|
| 001 | D14506 | ||
| 008 | 090401t1962 xxu||||| |||| 00| 0 eng d | ||
| 035 | _a(Sirsi) u94764 | ||
| 041 | _aeng | ||
| 100 | _aWisdom, A.S. | ||
| 245 | 4 | _aThe law of rivers and watercourses | |
| 260 |
_aLondon _bShaw & Sons _c1962 |
||
| 350 | _a0 | ||
| 520 | _aShelf 163 | ||
| 942 | _n0 | ||
| 948 | _c04/03/1997 | ||
| 999 |
_c98175 _d98175 |
||